000 00314nam a2200145Ia 4500
005 20251223000717.0
008 251222s9999||||xx |||||||||||||| ||spa||
020 _a72288817
082 _a650/F38
100 _aFerrell, O.C.
245 0 _aBusiness:
250 _a3ra.ed.
264 _bMcGraw-Hill
942 _cLIB
999 _c41515
_d41515